000 00892nam a2200217 i 4500
999 _c37313
_d37313
001 C2-0126362
003 PPAK
005 20190625093015.0
008 970914s1979 xx |||| ||||| | eng d
040 _aPPAK
_beng
_cPPAK
_erda
082 0 4 _a361.763
_223
090 0 0 _a361.763
_bWHY
_dKIH
245 0 0 _aWhy is the Ford Foundation initiating, with the advice and collaboration of the Regional Advisory Committes of the Southeast Asia Fellowship Program and Other Scholars in the Region, a Cross-cultural Studies Program in Southeast Asia in conjunction with other prospective donors and cooperating institutions?
264 1 _a[place of publication not identified] :
_b[publisher not identified] ,
_c1979
300 _a[2 pages] ;
_c28 cm
336 _2rdacontent
_atext
337 _2rdamedia
_aunmediated
338 _2rdacarrier
_avolume
650 1 0 _aSocial problems
942 _cB
_2ddc